BIBLIOTECA

SENCICO

Ingeniería de tránsito (Registro nro. 2667)

Detalles MARC
000 -LEADER
fixed length control field 00594nam a2200193Ia 4500
005 - DATE AND TIME OF LATEST TRANSACTION
control field 20251020182549.0
008 - FIXED-LENGTH DATA ELEMENTS--GENERAL INFORMATION
fixed length control field 200515s9999 xx 000 0 und d
082 ## - DEWEY DECIMAL CLASSIFICATION NUMBER
Classification number G8.1/C1/652
100 ## - MAIN ENTRY--PERSONAL NAME
Personal name DALL'ORTO F., Augusto ZEGARRA P., Jorge VASQUEZ, Eduardo
245 #0 - TITLE STATEMENT
Title Ingeniería de tránsito
260 ## - PUBLICATION, DISTRIBUTION, ETC.
Place of publication, distribution, etc. Lima
260 ## - PUBLICATION, DISTRIBUTION, ETC.
Date of publication, distribution, etc. 1992
300 ## - PHYSICAL DESCRIPTION
Extent 169
520 ## - SUMMARY, ETC.
Summary, etc. Diseño de intersecciones semaforizadas aisladas, planificación y control de tráfico por área, análisis de accidentes de tránsito
650 ## - SUBJECT ADDED ENTRY--TOPICAL TERM
Topical term or geographic name entry element INGENIERIA DE TRANSITO
650 ## - SUBJECT ADDED ENTRY--TOPICAL TERM
Topical term or geographic name entry element LIB
650 ## - SUBJECT ADDED ENTRY--TOPICAL TERM
Topical term or geographic name entry element TRANSITO
942 ## - ADDED ENTRY ELEMENTS (KOHA)
Koha item type Libros
Existencias
Fecha de la última vez que lo usaron Pago total Signatura topográfica completa Código de barras Precio efectivo desde Tipo de documento Estado perdido Estado dañado No es para préstamo Retirado Ubicación permanente Ubicación actual Fecha de adquisición
15/05/2020   G8.1/C1/652 Bib-Lima15052667 15/05/2020 Libros         Biblioteca Central Lima Biblioteca Central Lima 15/05/2020